Central Library OPAC University of Rajshahi

Introduction to semiconductor devices : (Record no. 9184)

MARC details
000 -LEADER
fixed length control field 00798nam a2200253 4500
001 - CONTROL NUMBER
control field 9184
003 - CONTROL NUMBER IDENTIFIER
rucl marc code BD-RjUL
005 - DATE AND TIME OF LATEST TRANSACTION
control field 20211208234731.0
008 - FIXED-LENGTH DATA ELEMENTS--GENERAL INFORMATION
fixed length control field 140120s1970 enka b 001 0 eng
035 ## - SYSTEM CONTROL NUMBER
System control number (BD-RjUL)9229
040 ## - CATALOGING SOURCE
Original cataloging agency BD-RjUL
Transcribing agency BD-RjUL
Language of cataloging eng
041 ## - LANGUAGE CODE
Language code of text/sound track or separate title eng
082 00 - DEWEY DECIMAL CLASSIFICATION NUMBER
Classification number 621.38152
Edition number 16
Author mark and year RAI 1977
100 1# - MAIN ENTRY--PERSONAL NAME
Personal name Rao, K. J. M.
9 (RLIN) 28499
245 10 - TITLE STATEMENT
Title Introduction to semiconductor devices :
Statement of responsibility, etc. k. J. M. Rao.
Remainder of title ( A companion volume to autho's other books entitled "introduction to electronics") /
260 ## - PUBLICATION, DISTRIBUTION, ETC. (IMPRINT)
Place of publication, distribution, etc. New Delhi :
Name of publisher, distributor, etc. Oxford & IBH,
Date of publication, distribution, etc. 1977.
300 ## - PHYSICAL DESCRIPTION
Pagination 220 p. :
Illustrations illus. ;
Size 23 cm.
350 ## - PRICE (NR) (BK AM CF MU VM SE) [OBSOLETE]
Price 30/-
504 ## - BIBLIOGRAPHY, ETC. NOTE
Bibliography, etc Includes Bibliographical reference and index.
650 #0 - SUBJECT ADDED ENTRY--TOPICAL TERM
Topical term or geographic name as entry element Semiconductors.
9 (RLIN) 28029
942 ## - ADDED ENTRY ELEMENTS (KOHA)
Source of classification or shelving scheme Dewey Decimal Classification
Koha item type Books
Holdings
Lost status Source of classification or shelving scheme Damaged status Not for loan Collection code Permanent Location Current Location Shelving location Date acquired Source of acquisition Cost, normal purchase price Total Checkouts Full call number Date last seen Copy number Koha item type
  Dewey Decimal Classification   Not For Loan Non-fiction Central Library, University of Rajshahi Central Library, University of Rajshahi Reading Room 22/06/1981 eurecaka book agency Rajshahi 48.00   621.38152 RAI 1977 20/01/2014 C-1 Books
  Dewey Decimal Classification     Non-fiction Central Library, University of Rajshahi Central Library, University of Rajshahi   11/07/1985 Tulip 52.80   621.38152 RAI 1977 22/01/2014 C-2 Books